000 00280nam a22001337a 4500
008 170412b xxu||||| |||| 00| 0 eng d
020 _a0395271622
041 _aeng
080 _a612.39
100 _a10
101 _aSHM
245 _aFIT OR FAT?
_cBAILEY, C
942 _2udc
_cBK
999 _c10466
_d10466